Canton capitals in Federation of Bosnia and Herzegovina - Statistics

General Stats
  • This quiz has been taken 54 times
  • The average score is 9 of 10
Answer Stats
Canton Number Canton Name Capital % Correct
7 Herzegovina-Neretva Mostar
98%
9 Sarajevo Sarajevo
98%
3 Tuzla Tuzla
98%
4 Zenica-Doboj Zenica
98%
1 Una-Sana Bihać
93%
10 Canton 10 Livno
91%
6 Central Bosnia Travnik
80%
2 Posavina Orašje
71%
5 Bosnian-Podrinje Goražde
69%
8 West Herzegovina Široki Brijeg
64%
No matching quizzes found
Score Distribution
Percent of People with Each Score
Percentile by Number Answered
Your Score History
You have not taken this quiz